[Event "It"]
[Site "masterchessopen.com – Long Beach (USA)"]
[Round "4"]
[White "La Flair Roger (USA)"]
[Black "Renna Tony (USA)"]
[Result "1-0"]
[WhiteElo "2390"]
[BlackElo "2380"]

1.d4 Nf6 2.Nf3 c5 3.d5 e6 4.c4 b5 5.Bg5 Qa5+ 6.Nbd2 Ne4 7.b4 cxb4 8.Nxe4 bxc4
9.dxe6 fxe6 10.Ned2 d5 11.e4 Nc6 12.exd5 exd5 13.Nxc4 dxc4 14.Bxc4 b3+ 15.Bd2
Bb4 16.O-O b2 17.Re1+ Kf8 18.Bxb4+ Qxb4 19.Qd5 Qe7 20.Rad1 {#r} 1-0

[Event "It (open) \"]
[Site "masterchessopen.com – Gausdal (Norway)"]
[Round "0"]
[White "Barkhagen Jonas (SWE)"]
[Black "Fossan Erik (NOR)"]
[Result "1-0"]
[WhiteElo "2405"]
[BlackElo "2340"]

1.d4 Nf6 2.c4 e6 3.Nf3 c5 4.d5 b5 5.dxe6 fxe6 6.cxb5 Bb7 7.e3 Be7 8.Nc3 O-O
9.Be2 Qc7 10.h3 d5 11.O-O Nbd7 12.Qc2 e5 13.Ng5 e4 14.f3 exf3 15.Rxf3 Qe5
16.Rf5 Qg3 17.Bd2 Bd6 18.Nf3 Ne5 19.Rxe5 Ne4 20.Nxe4 dxe4 21.Rg5 exf3 22.Rxg3
f2+ 23.Kh2 Rf6 24.Rf1 Raf8 25.Bc3 Rg6 26.Bg4 {#r} 1-0

[Event "Tournament (team)"]
[Site "masterchessopen.com – Guarapuava (Brazil)"]
[Round "0"]
[White "Nascimento Alexandre (ANG)"]
[Black "Russo Guilherme Matheus (BRA)"]
[Result "1-0"]
[WhiteElo "2145"]
[BlackElo "2050"]

1.d4 Nf6 2.c4 e6 3.Nf3 c5 4.d5 b5 5.e3 Bb7 6.dxe6 fxe6 7.cxb5 d5 8.Be2 Bd6
9.O-O O-O 10.Nc3 e5 11.Ng5 Qe7 12.e4 h6 13.Nxd5 Nxd5 14.Bc4 hxg5 15.Bxd5+ Rf7
16.Bxb7 Qxb7 17.Qxd6 Nd7 18.Qc6 {#r} 1-0

[Event "It"]
[Site "masterchessopen.com – Hermanos Saiz (Cuba)"]
[Round "0"]
[White "Valdes Luis E (CUB)"]
[Black "Gomez Adalberto (CUB)"]
[Result "1-0"]
[WhiteElo "2392"]
[BlackElo "2302"]

1.d4 Nf6 2.c4 c5 3.d5 b5 4.Nf3 e6 5.dxe6 fxe6 6.cxb5 d5 7.Nc3 Be7 8.e4 d4
9.Nb1 Nxe4 10.Bd3 Nf6 11.O-O O-O 12.Nbd2 Nbd7 13.Re1 Nd5 14.Nc4 N7b6 15.Nfe5
Nxc4 16.Bxc4 Bg5 17.g3 Bxc1 18.Rxc1 Qf6 19.Qd2 Bb7 20.Nd7 Qf3 21.Qe2 d3
22.Qxf3 Rxf3 23.Rxe6 Kh8 24.Nxc5 Nb6 25.Bxd3 Raf8 26.Be2 {#r} 1-0

[Event "It (open)"]
[Site "masterchessopen.com – Hradec Kralove (Czech Republic)"]
[Round "0"]
[White "Kunow Frank (GER)"]
[Black "Hala Bohumil (CZE)"]
[Result "0-1"]
[WhiteElo "2027"]
[BlackElo "2252"]

1.d4 Nf6 2.c4 e6 3.Nf3 c5 4.d5 b5 5.a4 bxc4 6.Nc3 exd5 7.Nxd5 Bb7 8.e4 Be7
9.Bxc4 O-O 10.O-O Nxd5 11.Bxd5 Nc6 12.Be3 Rb8 13.Qc1 d6 14.Rd1 Qb6 15.Bf4 Na5
16.Qc3 Bxd5 17.Rxd5 Qxb2 18.Qxb2 Rxb2 19.Bxd6 Bxd6 20.Rxd6 c4 21.Rd5 Nb3
22.Rb5 a6 23.Rb4 c3 24.Re1 Rd8 25.Ne5 c2 26.Nd3 Rb1 27.Kf1 Kf8 28.Ke2 Rxe1+
{#R} 0-1

[Event "It (open)"]
[Site "masterchessopen.com – Munich (Germany)"]
[Round "0"]
[White "Gruenberg Hans-Ulrich (GER)"]
[Black "Braeuning Rudolf Wilhelm (GER)"]
[Result "1-0"]
[WhiteElo "2402"]
[BlackElo "2392"]

1.d4 Nf6 2.c4 e6 3.Nf3 c5 4.d5 b5 5.dxe6 fxe6 6.cxb5 d5 7.Nc3 Bb7 8.e4 Nbd7
9.exd5 exd5 10.Bd3 Be7 11.O-O O-O 12.Ng5 Qb6 13.Re1 Bd6 14.Ne6 c4 15.Nxf8 Rxf8
16.Bf5 d4 17.Na4 Qxb5 18.Be6+ Kh8 19.Qxd4 Bb4 20.Nc3 Qc6 21.Bh3 Bc5 22.Qh4 Ng4
23.Be3 Nxf2 24.Re2 g5 25.Bd4+ Rf6 26.Qxf2 {#r} 1-0

[Event "It (open)"]
[Site "masterchessopen.com – Sailauf (Germany)"]
[Round "2"]
[White "Reitz Helmut (GER)"]
[Black "Spatz Heike (GER)"]
[Result "1-0"]
[WhiteElo "1850"]
[BlackElo "1980"]

1.d4 Nf6 2.c4 e6 3.Nf3 c5 4.d5 b5 5.cxb5 Nxd5 6.e4 Ne7 7.e5 Ng6 8.Bd3 Bb7
9.Nbd2 Nf4 10.Ne4 Nd5 11.O-O a6 12.Bg5 Qb6 13.Qe2 h6 14.Bh4 Nf4 15.Qd2 Nxd3
16.Qxd3 axb5 17.Nd6+ Bxd6 18.exd6 Bd5 19.Rfe1 Rxa2 20.Rxa2 Bxa2 21.Ne5 g5
22.Qf3 Rh7 23.Bg3 h5 24.Qe3 f6 25.h4 g4 26.Nd3 c4 27.Qxb6 {#r} 1-0

[Event "It (open)"]
[Site "masterchessopen.com – Argentina"]
[Round "7"]
[White "Giardelli Sergio C (ARG)"]
[Black "Ravazzoli Omar (ARG)"]
[Result "1-0"]
[WhiteElo "2425"]
[BlackElo "2070"]

1.d4 Nf6 2.c4 e6 3.Nf3 c5 4.d5 b5 5.dxe6 fxe6 6.cxb5 d5 7.e3 Bd6 8.b3 O-O
9.Bb2 Nbd7 10.Nbd2 Qe7 11.Bd3 Bb7 12.Qc2 e5 13.e4 Rae8 14.O-O-O Nb6 15.Kb1 Kh8
16.Rhe1 Qc7 17.exd5 Nbxd5 18.a3 Nf4 19.Be4 Nxg2 20.Rg1 Nf4 21.Ng5 h6 22.Bxb7
Qxb7 23.Nde4 Nxe4 24.Nxe4 Bb8 25.a4 Nh3 26.Rg3 Nf4 27.Nxc5 {#r} 1-0

[Event "It (cat.3)"]
[Site "masterchessopen.com – Budapest (Hungary)"]
[Round "2"]
[White "Kragelj Igor (SLO)"]
[Black "Cseke Richard (HUN)"]
[Result "0-1"]
[WhiteElo "2219"]
[BlackElo "2286"]

1.d4 Nf6 2.c4 e6 3.Nf3 c5 4.d5 b5 5.Bg5 h6 6.Bxf6 Qxf6 7.Qc2 g5 8.e4 g4 9.Ng1
Bg7 10.Nc3 b4 11.Nd1 d6 12.Bd3 Nd7 13.Ne2 Ne5 14.a3 O-O 15.Ng3 Qg6 16.O-O h5
17.Ne3 {#R} 0-1

[Event "Bundesliga (2nd) West 1992/93"]
[Site "masterchessopen.com – Germany"]
[Round "0"]
[White "Roski Ferdinand (GER)"]
[Black "Gustavsson Cyrill (SWE)"]
[Result "1-0"]
[WhiteElo "2214"]
[BlackElo "2206"]

1.d4 Nf6 2.Nf3 c5 3.d5 e6 4.c4 b5 5.dxe6 fxe6 6.cxb5 d5 7.g3 Bd6 8.Bg2 Bb7
9.O-O O-O 10.Nbd2 Nbd7 11.e4 Qb6 12.Qe2 Bc7 13.Re1 Rae8 14.a4 a6 15.bxa6 Bxa6
16.Qd1 c4 17.exd5 Ng4 18.Ne4 Ndf6 19.a5 Qa7 20.Nxf6+ Rxf6 21.Be3 Nxe3 22.Rxe3
Rd8 23.Ng5 exd5 24.Qxd5+ {#r} 1-0

[Event "Bundesliga (w)"]
[Site "masterchessopen.com – Germany"]
[Round "0"]
[White "Rieder Anita (GER)"]
[Black "Spatz Heike (GER)"]
[Result "1-0"]
[WhiteElo "2070"]
[BlackElo "1980"]

1.d4 e6 2.c4 Nf6 3.Nf3 c5 4.d5 b5 5.dxe6 fxe6 6.cxb5 d5 7.Bg5 Qc7 8.g3 Bd6
9.Nc3 Bb7 10.Bg2 d4 11.Bxf6 gxf6 12.Nb1 e5 13.O-O Rg8 14.Nbd2 Nd7 15.Qb3 O-O-O
16.Nh4 Bxg2 17.Kxg2 Qb7+ 18.f3 Nb6 19.Nf5 Kd7 20.Qf7+ {#r} 1-0

[Event "It (open)"]
[Site "masterchessopen.com – Graz (Austria)"]
[Round "5"]
[White "Baumegger Siegfried (AUT)"]
[Black "Orgler Philipp (AUT)"]
[Result "1-0"]
[WhiteElo "2419"]
[BlackElo "2192"]

1.Nf3 Nf6 2.d4 c5 3.d5 e6 4.c4 b5 5.Bg5 h6 6.Bxf6 Qxf6 7.Nc3 b4 8.Nb5 Kd8 9.e4
g5 10.e5 Qg7 11.Be2 g4 12.O-O Bb7 13.Qa4 a5 14.Nd2 Qxe5 15.Rfe1 exd5 16.Bd3
Qf6 17.cxd5 Bxd5 18.Be4 Bxe4 19.Nxe4 Qc6 20.Rad1 d5 21.Rxd5+ Qxd5 22.Rd1 Qxd1+
23.Qxd1+ Kc8 24.Qd5 Ra6 25.Qe5 {#r} 1-0

[Event "Ch New Zealand"]
[Site "masterchessopen.com – New Zealand"]
[Round "0"]
[White "Lukey Stephen G (NZL)"]
[Black "Noble Mark Frederick (NZL)"]
[Result "1-0"]
[WhiteElo "2261"]
[BlackElo "2233"]

1.d4 Nf6 2.c4 e6 3.Nf3 c5 4.d5 b5 5.Bg5 Qa5+ 6.Qd2 Qxd2+ 7.Nbxd2 bxc4 8.e4 Na6
9.Bxc4 Rb8 10.O-O-O d6 11.dxe6 fxe6 12.e5 Ng4 13.exd6 Nxf2 14.d7+ Kxd7 15.Ne5+
Kc7 16.Rdf1 Nxh1 17.Rf7+ Kd6 18.Bf4 Bb7 19.Rd7# 1-0

[Event "Ch Portugal (1/2 final)"]
[Site "masterchessopen.com – Portugal"]
[Round "5"]
[White "Camejo Rui (POR)"]
[Black "Alho Diogo (POR)"]
[Result "1-0"]
[WhiteElo "2296"]
[BlackElo "2254"]

1.d4 e6 2.c4 Nf6 3.Nf3 c5 4.d5 b5 5.Bg5 exd5 6.cxd5 h6 7.Bxf6 Qxf6 8.Qc2 d6
9.e4 a6 10.a4 b4 11.Nbd2 Bg4 12.Be2 Nd7 13.O-O Be7 14.Rae1 Qg6 15.Kh1 O-O
16.Nc4 f5 17.e5 dxe5 18.Nfxe5 Qh5 19.f3 Bd6 20.fxg4 fxg4 21.Nxg4 Qh4 22.Qg6
Rf4 23.Qxd6 Raf8 24.Qe6+ Kh8 {#r} 1-0

[Event "Oberliga North 1993/94"]
[Site "masterchessopen.com – Germany"]
[Round "0"]
[White "Schwarz Frank (GER)"]
[Black "Willsch Matthias (GER)"]
[Result "0-1"]
[WhiteElo "2214"]
[BlackElo "2269"]

1.Nf3 Nf6 2.d4 e6 3.c4 c5 4.d5 b5 5.Bg5 exd5 6.cxd5 Qa5+ 7.Nc3 Ne4 8.Qd3 Nxg5
9.Nxg5 Be7 10.Qf5 Bxg5 11.Qxg5 O-O 12.e3 Ba6 13.h4 d6 14.h5 h6 15.Qf4 Nd7
16.O-O-O b4 17.Nb1 Ne5 18.g4 Bxf1 19.Rhxf1 Qxa2 20.g5 hxg5 21.Qxg5 Qc4+ 22.Nc3
bxc3 23.Rg1 cxb2+ 24.Kb1 Qe4+ {#R} 0-1

[Event "It"]
[Site "masterchessopen.com – Habana (Cuba)"]
[Round "5"]
[White "Pecorelli Garcia Humberto (CUB)"]
[Black "Gutierrez Torres Rogelio (MEX)"]
[Result "1-0"]
[WhiteElo "2405"]
[BlackElo "2230"]

1.d4 Nf6 2.Nf3 c5 3.d5 e6 4.c4 b5 5.Bg5 bxc4 6.Nc3 Qa5 7.Bxf6 gxf6 8.Nd2 Bg7
9.Nxc4 Qb4 10.e4 O-O 11.a3 Qxb2 12.Bd3 f5 13.O-O fxe4 14.Bxe4 f5 15.dxe6 fxe4
16.e7 Na6 17.Nd6 Qxc3 18.exf8=Q+ {#r} 1-0

[Event "It \"]
[Site "masterchessopen.com – Jyvaskyla (Finland)"]
[Round "4"]
[White "Issakainen Ari (FIN)"]
[Black "Barkhagen Jonas (SWE)"]
[Result "0-1"]
[WhiteElo "2267"]
[BlackElo "2400"]

1.d4 Nf6 2.c4 e6 3.Nf3 c5 4.d5 b5 5.g3 Bb7 6.Bg5 bxc4 7.e4 Qa5+ 8.Bd2 Qb6
9.Nc3 Be7 10.Bg2 exd5 11.exd5 Nxd5 12.Nxd5 Bxd5 13.Bc3 Qe6+ 14.Kf1 O-O 15.Qd2
Nc6 16.Re1 Be4 17.Nh4 d5 18.f3 Bd3+ 19.Kf2 Qd6 20.f4 Bxh4 21.gxh4 d4 {#R} 0-1

[Event "It (open) \"]
[Site "masterchessopen.com – London (England)"]
[Round "0"]
[White "Sadler Matthew (ENG)"]
[Black "Ansell Simon (ENG)"]
[Result "1-0"]
[WhiteElo "2560"]
[BlackElo "2305"]

1.d4 Nf6 2.c4 c5 3.d5 b5 4.Nf3 e6 5.dxe6 fxe6 6.cxb5 d5 7.Nc3 d4 8.Na4 Qa5+
9.Bd2 Qxb5 10.e3 Qd7 11.Rc1 Bb7 12.Bc4 Be7 13.Qb3 Bxf3 14.gxf3 Kf7 15.Bb5 Qb7
16.Be8+ {#r} 1-0

[Event "Ch Yugoslavia (open)"]
[Site "masterchessopen.com – Nis (Yugoslavia)"]
[Round "1"]
[White "Antic Dejan (SRB)"]
[Black "Kovacevic Sinisa (SRB)"]
[Result "1-0"]
[WhiteElo "2385"]
[BlackElo "2204"]

1.d4 Nf6 2.c4 e6 3.Nf3 c5 4.d5 b5 5.dxe6 fxe6 6.cxb5 Bb7 7.g3 Be7 8.Bg2 O-O
9.O-O Qb6 10.a4 a6 11.Nc3 Nd5 12.a5 Nxc3 13.axb6 Nxd1 14.Rxd1 axb5 15.Ra7 Bd5
16.Rxd5 {#r} 1-0

[Event "Ch Paris (open)"]
[Site "masterchessopen.com – Paris (France)"]
[Round "6"]
[White "Legky Nikolay A (UKR)"]
[Black "Peltrault Frederic (FRA)"]
[Result "1-0"]
[WhiteElo "2510"]
[BlackElo "2171"]

1.d4 Nf6 2.Nf3 c5 3.d5 b5 4.c4 e6 5.Bg5 bxc4 6.e4 h6 7.Bxf6 Qxf6 8.e5 Qf5
9.Nc3 Ba6 10.Be2 g5 11.O-O g4 12.Re1 Rg8 13.Nd2 Qxe5 14.Bxc4 Qd4 15.Nde4 Qg7
16.Qb3 {#r} 1-0

[Event "Ch Argentina (juniors) (under 18) (b)"]
[Site "masterchessopen.com – Tres Arroyos (Argentina)"]
[Round "3"]
[White "Robledo Nestor Daniel (ARG)"]
[Black "Moreda Lucas (ARG)"]
[Result "0-1"]
[WhiteElo "2320"]
[BlackElo "2333"]

1.d4 Nf6 2.c4 c5 3.Nf3 e6 4.d5 b5 5.Bg5 bxc4 6.e4 Qa5+ 7.Bd2 Qb6 8.Nc3 Ba6
9.Ne5 Nxe4 10.Nxe4 exd5 11.Ng5 Qxb2 12.Nexf7 c3 13.Bf4 h6 14.Bxb8 c2 15.Qc1
Qc3+ {#R} 0-1

[Event "It (open)"]
[Site "masterchessopen.com – Vienna (Austria)"]
[Round "4"]
[White "Kwatschewsky Leo (AUT)"]
[Black "Palos Osman (BIH)"]
[Result "0-1"]
[WhiteElo "2260"]
[BlackElo "2336"]

1.d4 Nf6 2.Nf3 e6 3.c4 c5 4.d5 b5 5.Bg5 bxc4 6.e4 d6 7.Bxc4 e5 8.Nc3 Nbd7
9.Nd2 Be7 10.Bxf6 Bxf6 11.O-O O-O 12.Qe2 Bg5 13.Nf3 Nb6 14.Nxg5 Qxg5 15.Kh1
Nxc4 16.Qxc4 f5 17.f4 exf4 18.e5 dxe5 19.d6+ Kh8 20.Qxc5 Bb7 21.Rf2 e4 22.Nd5
Rac8 {#R} 0-1

[Event "It (open)"]
[Site "masterchessopen.com – Zadar (Croatia)"]
[Round "0"]
[White "Biliskov Vjekoslav (CRO)"]
[Black "Shariyazdanov Andrey (RUS)"]
[Result "0-1"]
[WhiteElo "2354"]
[BlackElo "2579"]

1.d4 Nf6 2.Nf3 e6 3.c4 c5 4.d5 b5 5.Bg5 h6 6.Bxf6 Qxf6 7.Qc2 g5 8.Nc3 b4 9.Ne4
Qg7 10.Ng3 f5 11.e3 Be7 12.Be2 h5 13.h4 g4 14.Nd2 Bf6 15.O-O-O a5 16.Nb3 Na6
17.dxe6 dxe6 18.Rd6 a4 19.Na5 b3 20.axb3 Nb4 21.Qd2 Rxa5 22.Rd1 axb3 23.Rd8+
Kf7 {#R} 0-1

[Event "Ch Sweden (master's group)"]
[Site "masterchessopen.com – Borlange (Sweden)"]
[Round "4"]
[White "Tornblom Nils (SWE)"]
[Black "Laveryd Peter (SWE)"]
[Result "0-1"]
[WhiteElo "2225"]
[BlackElo "2410"]

1.d4 Nf6 2.Nf3 c5 3.d5 e6 4.c4 b5 5.e4 Nxe4 6.dxe6 fxe6 7.Bd3 Nf6 8.Ng5 Qc7
9.Qc2 Bb7 10.Bxh7 Bxg2 11.Rg1 Qxh2 12.Qg6+ Ke7 13.Rxg2 Qxg2 14.Qf7+ Kd8 15.Bf4
Qg1+ 16.Ke2 Qg4+ 17.Ke3 e5 {#R} 0-1

[Event "It (open)"]
[Site "masterchessopen.com – Cappelle la Grande (France)"]
[Round "1"]
[White "Shipov Sergei (RUS)"]
[Black "Scetinin Alexander (RUS)"]
[Result "1-0"]
[WhiteElo "2510"]
[BlackElo "2315"]

1.d4 Nf6 2.Nf3 c5 3.d5 b5 4.c4 e6 5.dxe6 fxe6 6.cxb5 d5 7.a4 Bd6 8.Bg5 O-O
9.e3 Bb7 10.Nc3 Nbd7 11.Be2 Qc7 12.a5 Rae8 13.b6 axb6 14.Nb5 Qb8 15.a6 c4
16.Nxd6 Qxd6 17.Bxf6 Ba8 18.Bc3 b5 19.Qd2 Rf7 20.Ng5 Rfe7 21.Bb4 Nc5 22.Ne4
Nxe4 23.Bxd6 Nxd2 24.Kxd2 {#r} 1-0

[Event "Ch Catalunia (team)"]
[Site "masterchessopen.com – Catalunia (Spain)"]
[Round "0"]
[White "Garcia Raul (AND)"]
[Black "Ibanez Enrique"]
[Result "1-0"]
[WhiteElo "2295"]
[BlackElo "2360"]

1.d4 e6 2.Nf3 Nf6 3.c4 c5 4.d5 b5 5.dxe6 fxe6 6.cxb5 d5 7.Nc3 Bd6 8.e4 d4 9.e5
dxc3 10.exf6 cxb2 11.Bxb2 gxf6 12.Nd2 Bb7 13.Nc4 Be7 14.Qh5+ Kf8 15.Rd1 Nd7
16.Bc1 Kg8 17.Rd3 Be4 18.Qg4+ {#r} 1-0

[Event "Bayern Oberliga 1994/95"]
[Site "masterchessopen.com – Germany"]
[Round "0"]
[White "Reisinger Markus"]
[Black "Kammer Christoph"]
[Result "0-1"]
[WhiteElo "1810"]
[BlackElo "2030"]

1.d4 Nf6 2.Nf3 c5 3.d5 e6 4.c4 b5 5.dxe6 fxe6 6.cxb5 Bb7 7.e3 d5 8.b4 cxb4
9.Bb2 Bd6 10.Nbd2 O-O 11.Ne5 Nbd7 12.Nxd7 Qxd7 13.Nf3 Ne4 14.Be2 Rac8 15.O-O
Nc3 16.Qd2 e5 17.a3 d4 18.Bxc3 bxc3 19.Qa2+ Kh8 20.exd4 Bxf3 21.Bxf3 Rxf3
22.gxf3 exd4 23.f4 Qg4+ 24.Kh1 Qf3+ 25.Kg1 Qxf4 {#R} 0-1

[Event "Bundesliga (2nd) East 1994/95"]
[Site "masterchessopen.com – Germany"]
[Round "0"]
[White "Cordes Hans-Joerg Dr (GER)"]
[Black "Nothnagel Holger (GER)"]
[Result "1-0"]
[WhiteElo "2300"]
[BlackElo "2309"]

1.d4 Nf6 2.c4 c5 3.d5 b5 4.Nf3 e6 5.Bg5 h6 6.Bxf6 Qxf6 7.Nc3 b4 8.Nb5 Kd8 9.a3
bxa3 10.Rxa3 Qxb2 11.e4 g5 12.Be2 Na6 13.O-O Nb4 14.Qa4 a5 15.Nc3 Bg7 16.Rb3
Qc2 17.e5 Qf5 18.Qb5 Bxe5 19.Qxc5 Bb8 20.Nb5 g4 21.Qb6+ Ke8 22.Nfd4 Qe5 23.g3
Ra6 24.Qc5 Bb7 25.Re3 d6 26.Nc7+ Kd8 27.Qb5 Qxd4 28.Nxa6 {#r} 1-0

[Event "Ch Netherlands (team) 1995/96"]
[Site "masterchessopen.com – Netherlands"]
[Round "1"]
[White "Van Der Vliet Fred (NED)"]
[Black "Besseling Michiel (NED)"]
[Result "1-0"]
[WhiteElo "2266"]
[BlackElo "2203"]

1.d4 Nf6 2.Nf3 e6 3.c4 c5 4.d5 b5 5.dxe6 fxe6 6.cxb5 d5 7.g3 Bd6 8.Bg2 Bb7
9.O-O O-O 10.Nbd2 Nbd7 11.e4 d4 12.Re1 e5 13.Nh4 g6 14.Nc4 Nb6 15.Na5 Bc8
16.f4 Qc7 17.Nc6 a6 18.fxe5 Bxe5 19.Nxe5 Qxe5 20.bxa6 Rxa6 21.Bf4 Qe7 22.b4
Be6 23.Bg5 Qc7 24.Rc1 Rxa2 25.bxc5 Nbd7 26.Qxd4 Qe5 27.Nf3 {#r} 1-0

[Event "It (open)"]
[Site "masterchessopen.com – Cseppko (Hungary)"]
[Round "4"]
[White "Benedek Zoltan (HUN)"]
[Black "Herman Tamas (HUN)"]
[Result "1-0"]
[WhiteElo "2219"]
[BlackElo "2312"]

1.d4 Nf6 2.c4 e6 3.Nf3 c5 4.d5 b5 5.Bg5 Qa5+ 6.Qd2 Qxd2+ 7.Nbxd2 bxc4 8.Bxf6
gxf6 9.e4 Bg7 10.Nxc4 O-O 11.O-O-O exd5 12.exd5 Ba6 13.Nd6 Bxf1 14.Rhxf1 Rd8
15.Nh4 Na6 16.Nhf5 c4 17.Rd4 Kf8 18.Rg4 Bh8 19.Rxc4 Rab8 20.a3 Rb3 21.Re1 Rd3
22.Rce4 Nc7 23.Re7 Rxd5 24.Rxf7+ {#r} 1-0

[Event "It (w)"]
[Site "masterchessopen.com – Dresden (Germany)"]
[Round "3"]
[White "Weclawski Doris (GER)"]
[Black "Maksimovic Suzana (SRB)"]
[Result "0-1"]
[WhiteElo "2105"]
[BlackElo "2295"]

1.d4 Nf6 2.Nf3 c5 3.d5 e6 4.c4 b5 5.dxe6 fxe6 6.cxb5 d5 7.e3 Bd6 8.Nc3 O-O
9.Be2 Bb7 10.O-O Nbd7 11.b3 Qe7 12.Bb2 Kh8 13.Bd3 e5 14.Nh4 e4 15.Nf5 Bxh2+
16.Kxh2 Qe5+ 17.Ng3 exd3 18.Na4 Qg5 19.Kg1 Ng4 {#R} 0-1

[Event "It (open)"]
[Site "masterchessopen.com – Le Touquet (France)"]
[Round "0"]
[White "Roeder Mathias (GER)"]
[Black "Carton Camille (FRA)"]
[Result "1-0"]
[WhiteElo "2435"]
[BlackElo "2228"]

1.d4 Nf6 2.c4 c5 3.d5 b5 4.Nf3 e6 5.Bg5 Qa5+ 6.Qd2 Qxd2+ 7.Nfxd2 Na6 8.Nc3
bxc4 9.Bxf6 gxf6 10.Nxc4 Nb4 11.O-O-O exd5 12.Nxd5 Nxd5 13.Rxd5 Bb7 14.Nd6+
Bxd6 15.Rxd6 Ke7 16.Rd2 d5 17.e3 Rad8 18.Be2 Rd6 19.Bf3 Rhd8 20.Rhd1 Ke6
21.Rc2 Rc8 22.e4 dxe4 23.Bg4+ f5 24.Bxf5+ {#r} 1-0

[Event "It (cat.3)"]
[Site "masterchessopen.com – Moscow (Russia)"]
[Round "0"]
[White "Lopushnoy Denis (RUS)"]
[Black "Shevchenko Maxim (RUS)"]
[Result "0-1"]
[WhiteElo "2295"]
[BlackElo "2167"]

1.d4 Nf6 2.Nf3 e6 3.c4 c5 4.d5 b5 5.Bg5 Qa5+ 6.Qd2 Qxd2+ 7.Nfxd2 bxc4 8.e4 Na6
9.dxe6 fxe6 10.e5 h6 11.Be3 Ng4 12.Nxc4 Rb8 13.Bd2 h5 14.Bd3 Kf7 15.Be4 Nb4
16.O-O Ba6 17.Nba3 Be7 18.Rfd1 Rbd8 19.Bc3 g6 20.b3 Kg7 21.Nc2 Rhf8 22.f3 Nxc2
23.fxg4 Nxa1 24.gxh5 gxh5 25.Bxa1 Rf4 26.Nd6 Be2 27.Re1 Rdf8 {#R} 0-1

[Event "It (open)"]
[Site "masterchessopen.com – Pesc (Hungary)"]
[Round "2"]
[White "Konig Balazs (HUN)"]
[Black "Klein Volker (GER)"]
[Result "0-1"]
[WhiteElo "2148"]
[BlackElo "2219"]

1.d4 Nf6 2.c4 e6 3.Nf3 c5 4.d5 b5 5.dxe6 fxe6 6.cxb5 Bb7 7.Nc3 d5 8.e4 d4 9.e5
Ng4 10.h3 Nh6 11.Na4 Nd7 12.Bc4 Bxf3 13.Qxf3 Nxe5 14.Qh5+ Nhf7 15.Bxe6 Qa5+
16.Bd2 Qxa4 17.O-O Bd6 18.Rae1 O-O 19.Bf4 Rae8 20.Bb3 Qxb5 21.Bxe5 c4 {#R} 0-1

[Event "It (open)"]
[Site "masterchessopen.com – St. Ingbert (Germany)"]
[Round "9"]
[White "Groeppel Peter (GER)"]
[Black "Schneider Volker (GER)"]
[Result "0-1"]
[WhiteElo "2014"]
[BlackElo "2227"]

1.d4 Nf6 2.c4 e6 3.Nf3 c5 4.d5 b5 5.Bg5 Qa5+ 6.Qd2 Qxd2+ 7.Nbxd2 Na6 8.a3 bxc4
9.e4 Bb7 10.Bxc4 exd5 11.exd5 Nxd5 12.O-O Nac7 13.Nb3 Nb6 14.Rfe1+ Ne6 15.Bb5
Bd5 16.Na5 Be7 17.Bxe7 Kxe7 18.Rad1 a6 19.Be2 Rac8 20.Nh4 g6 21.f4 Kf6 22.Bf3
{#R} 0-1

[Event "It (cat.4)"]
[Site "masterchessopen.com – Argenteuil (France)"]
[Round "5"]
[White "Silva Sebastain (CHI)"]
[Black "Chomet Pascal (FRA)"]
[Result "0-1"]
[WhiteElo "2320"]
[BlackElo "2360"]

1.d4 Nf6 2.Nf3 c5 3.d5 e6 4.c4 b5 5.dxe6 fxe6 6.cxb5 d5 7.Nc3 Nbd7 8.e4 d4
9.e5 Ng4 10.Ne4 Ndxe5 11.Nxe5 Nxe5 12.Qh5+ Nf7 13.Ng5 Qf6 14.Bc4 g6 15.Qg4
Qe5+ 16.Kd1 Nxg5 17.Bxg5 Qf5 18.Qg3 Bg7 19.Qd6 Qxg5 20.Qc6+ Kd8 21.Qxa8 Bh6
22.Kc2 Qd2+ 23.Kb1 d3 24.Bb3 Bg7 {#R} 0-1

[Event "It (open)"]
[Site "masterchessopen.com – Barbera (Spain)"]
[Round "1"]
[White "Comas Fabrego Lluis (ESP)"]
[Black "Ibanez Enrique"]
[Result "1-0"]
[WhiteElo "2475"]
[BlackElo "2360"]

1.d4 Nf6 2.c4 e6 3.Nf3 c5 4.d5 b5 5.Bg5 Qa5+ 6.Nc3 Be7 7.dxe6 fxe6 8.e4 b4
9.Nb5 Nxe4 10.Bxe7 b3+ 11.Nc3 Nxc3 12.Qd2 Qxa2 13.Qc1 Nb1 14.Bd3 Qxa1 15.O-O
Nc6 16.Bxc5 Qa5 17.Qg5 Ba6 18.Nd4 Qc7 19.Re1 Kf7 20.Nxe6 dxe6 21.Rxe6 Rad8
22.Rxc6 Qb7 23.Rxa6 Rxd3 24.Qf5+ Ke8 25.Re6+ Kd7 26.Re7+ Kc6 27.Qxd3 {#r} 1-0

[Event "It (open)"]
[Site "masterchessopen.com – Hamburg (Germany)"]
[Round "5"]
[White "Blecken Volker (GER)"]
[Black "Szudra Heinz-Werner (GER)"]
[Result "1-0"]
[WhiteElo "2225"]
[BlackElo "1969"]

1.d4 Nf6 2.Nf3 c5 3.d5 e6 4.c4 b5 5.Bg5 Bb7 6.e4 h6 7.Bxf6 Qxf6 8.Nc3 bxc4
9.Bxc4 exd5 10.exd5 Be7 11.O-O O-O 12.Re1 Qf4 13.Qb3 Bf6 14.Qxb7 Qxc4 15.Qxa8
Nc6 16.Re8 {#r} 1-0

[Event "Ch Hungary (team) 1997/98 (2 liga)"]
[Site "masterchessopen.com – Hungary"]
[Round "0"]
[White "Lehmann Zoltan (HUN)"]
[Black "Konig Balazs (HUN)"]
[Result "1-0"]
[WhiteElo "2275"]
[BlackElo "2148"]

1.d4 Nf6 2.c4 c5 3.d5 b5 4.Nf3 e6 5.Bg5 Qb6 6.Bxf6 gxf6 7.cxb5 Qxb5 8.Qd2 Qb4
9.Nc3 Ba6 10.g3 h5 11.Bg2 Bh6 12.e3 Bb7 13.O-O Na6 14.Rfd1 e5 15.Nh4 Qb6 16.d6
Bxg2 17.Kxg2 Qc6+ 18.Qd5 Qxd5+ 19.Nxd5 {#r} 1-0

[Event "It (open)"]
[Site "masterchessopen.com – Ljubljana (Slovenia)"]
[Round "7"]
[White "Nikolov Sasho (BUL)"]
[Black "Kogan Artur (ISR)"]
[Result "0-1"]
[WhiteElo "2390"]
[BlackElo "2500"]

1.d4 Nf6 2.c4 c5 3.d5 b5 4.Nf3 e6 5.Bg5 Qa5+ 6.Qd2 b4 7.Qc2 b3+ 8.Qc3 Qxa2
9.Qa5 Qxb2 10.g3 exd5 11.cxd5 Be7 12.Bg2 Ne4 13.Nbd2 Nxg5 14.Nc4 Nxf3+ 15.Bxf3
Qd4 16.d6 Nc6 17.Bxc6 Bd8 18.Qa4 Rb8 19.Rd1 Qc3+ 20.Nd2 Rb4 21.Qxa7 dxc6
22.d7+ Bxd7 23.O-O Bh3 24.Qa8 Qf6 25.Ne4 Rxe4 26.Rxd8+ Qxd8 27.Qxc6+ Kf8
28.Qxe4 Bxf1 {#R} 0-1